Superlattice to nanoelectronics /

Superlattice to Nanoelectronics provides a historical overview of the early work performed by Tsu and Esaki, to orient those who want to enter into this nanoscience. It describes the fundamental concepts and goes on to answer many questions about todays 'Nanoelectronics'. It covers the app...

Full description

Bibliographic Details
Main Author: Tsu, Raphael
Format: eBook
Language:English
Published: Amsterdam ; Boston : Elsevier, 2005.
Edition:1st ed.
Subjects:
Online Access:Connect to the full text of this electronic book

MARC

Tag First Indicator Second Indicator Subfields
LEADER 00000cam a2200000Ia 4500
001 in00002425392
005 20190327171547.0
006 m d
007 cr cn|||||||||
008 070806s2005 ne a sb 001 0 eng d
020 |a 9780080443775 
020 |a 008044377X 
035 |a (OCoLC)ocn162567679 
035 |a (OCoLC)162567679 
037 |a 104620:104643  |b Elsevier Science & Technology  |n http://www.sciencedirect.com 
040 |a OPELS  |c OPELS  |d OPELS  |d UtOrBLW 
049 |a TEFA 
050 1 4 |a QC611.8.S86  |b T78 2005eb 
072 7 |a QC  |2 lcco 
082 0 4 |a 537.6/22  |2 22 
100 1 |a Tsu, Raphael. 
245 1 0 |a Superlattice to nanoelectronics /  |c Raphael Tsu. 
250 |a 1st ed. 
264 1 |a Amsterdam ;  |a Boston :  |b Elsevier,  |c 2005. 
300 |a 1 online resource (xix, 325 pages) :  |b illustrations 
336 |a text  |b txt  |2 rdacontent 
337 |a computer  |b c  |2 rdamedia 
338 |a online resource  |b cr  |2 rdacarrier 
520 |a Superlattice to Nanoelectronics provides a historical overview of the early work performed by Tsu and Esaki, to orient those who want to enter into this nanoscience. It describes the fundamental concepts and goes on to answer many questions about todays 'Nanoelectronics'. It covers the applications and types of devices which have been produced, many of which are still in use today. This historical perspective is important as a guide to what and how technology and new fundamental ideas are introduced and developed. The author communicates a basic understanding of the physics involved from first principles, whilst adding new depth, using simple mathematics and explanation of the background essentials. Topics covered include * Introductory materials * Superlattice, Bloch oscillations and transport * Tunneling in QWs to QDs * Optical properties: optical transitions, size dependent dielectric constant, capacitance and doping * Quantum devices: New approaches without doping and heterojunctions - quantum confinement via geometry and multipole electrodes. Issues of robustness, redundancy and I/O. Researchers, course students and research establishments should read this book, written by the leading expert in nanoelectronics and superlattices. * The Author is one of the founders of the field of superlattices * The FIRST historical overview of the field * Provides a basic understanding of the physics involved from first principles, whilst adding new depth, using simple mathematics and explanation of the background essentials. 
504 |a Includes bibliographical references and index. 
500 |a Electronic resource. 
650 0 |a Superlattices as materials. 
650 0 |a Quantum dots. 
655 7 |a Electronic books.  |2 local 
730 0 |a Referex. 
776 1 |c Original  |z 008044377X  |z 9780080443775  |w (OCoLC)59081040 
856 4 0 |u http://proxy.library.tamu.edu/login?url=http://www.sciencedirect.com/science/book/9780080443775  |z Connect to the full text of this electronic book  |t 0 
994 |a C0  |b TEF 
999 |a MARS 
999 f f |s 488b737c-da2a-3c82-afe0-22e91615834c  |i e3aa0268-6d85-3694-952e-5a12f6a77c7a  |t 0 
952 f f |a Texas A&M University  |b College Station  |c Electronic Resources  |d Available Online  |t 0  |e QC611.8.S86 T78 2005eb  |h Library of Congress classification 
998 f f |a QC611.8.S86 T78 2005eb  |t 0  |l Available Online